000 00716nam a2200241Ia 4500
003 OSt
005 20220926012256.0
006 a|||||r|||| 00| 0
007 ta
008 220923b |||||||| |||| 00| 0 eng d
020 _a0 521 08555 1
037 _cGeneral Book
040 _aRTL
_cRTL
_beng
041 _2eng
_aeng
082 _aQ5.580041.N5, L3.2
100 _aTREADGOLD Donald W
245 0 _aWest in russia and china
_b Religious and secular thought in modern times
260 _aNew York
_bCambridge university press
_c1973
300 _axxi,251p
_ccm.
650 _aReligion
942 _hQ5.580041.N5, L3.2
_cGB
_2CC
999 _c622311
_d622311